| 000 | 00344nam a2200133Ia 4500 | ||
|---|---|---|---|
| 008 | 210210b1967 xxu||||| |||| 00| 0 eng d | ||
| 082 | _a820.43 SHAC | ||
| 100 | _aSHAH (A B). | ||
| 245 | _aCow-slaughter:horns of a dilenna. | ||
| 260 |
_aN D _bLalvani Publishing House _c1967 |
||
| 300 | _a83 | ||
| 690 | _aIndian English Prose | ||
| 906 | _a028724 | ||
| 999 |
_c79961 _d79961 |
||